XSLT : (Record no. 33408)

MARC details
000 -LEADER
fixed length control field 00487nam a22001697a 4500
005 - DATE AND TIME OF LATEST TRANSACTION
control field 20240605143050.0
008 - FIXED-LENGTH DATA ELEMENTS--GENERAL INFORMATION
fixed length control field 230904b |||||||| |||| 00| 0 eng d
020 ## - INTERNATIONAL STANDARD BOOK NUMBER
ISBN 0471406031
082 ## - DEWEY DECIMAL CLASSIFICATION NUMBER
Classification number 005.72
Item number HJE-X
100 ## - MAIN ENTRY--AUTHOR
Author Name Hjelm, Johan,
245 ## - TITLE STATEMENT
Title XSLT :
Remainder of title the ultimate guide to transforming Web data
Statement of responsibility, etc. John Hjelm
260 ## - PUBLICATION, DISTRIBUTION, ETC.
Place of Publication USA:
Name of publisher, distributor, etc. Wiley,
Date of publication, distribution, etc. 2002
300 ## - PHYSICAL DESCRIPTION
Pages 386 p. :
500 ## - GENERAL NOTE
General note Include Index.
650 ## - SUBJECT ADDED ENTRY--TOPICAL TERM
Subject / Department computer science/ web operating system
300 ## - PHYSICAL DESCRIPTION
-- ill;
-- 24 cm.
952 ## - LOCATION AND ITEM INFORMATION (KOHA)
-- 0
-- 0
Holdings
Lost status Damaged status Collection code Permanent Location Current Location Shelving Location Date acquired Full Call Number Accession No./Barcode Date last seen item type Koha item type
    CS/IT Superior Information Resource Center (SIRC) Superior University- Gold Campus Superior Information Resource Center (SIRC) Superior University- Gold Campus web operating system 09/04/2023 005.72 HJE-X 2002 19786 09/04/2023 BOOK BOOK

Powered by Koha